Virus tropical /

I tiakina i:
Ngā taipitopito rārangi puna kōrero
Kaituhi matua: Powerpaola
Hōputu: Pukapuka
Reo:Pāniora
I whakaputaina: México : Sexto Piso, 2018, c2018
Ngā marau:
Ngā Tūtohu: Tāpirihia he Tūtohu
Kāore He Tūtohu, Me noho koe te mea tuatahi ki te tūtohu i tēnei pūkete!

MARC

LEADER 00000nam^a2200000^a^4500
001 000410483
005 20250521000000.0
009 20260310122048.162
020 |a 978-607-9436-96-4 
037 |a Acervo ITESO - Biblioteca 
041 |a ESP 
041 |a GRA 
082 |a 808. 83929  |b POW 
100 |a Powerpaola 
245 1 0 |a Virus tropical /  |c Powerpaola. 
264 4 |a México :  |b Sexto Piso,  |c 2018, c2018 
300 |a 159 p. 
336 |a texto  |b txt  |2 rdacontenido 
337 |a sin mediación  |b n  |2 rdamedio 
338 |a volumen  |b nc  |2 rdasoporte 
521 |a FIL 2018 DIA 
521 |a Peticiones 2024 Comunidades Lectoras 
545 0 |a Paola Andrea Gaviria Silguero (1977), quien utiliza el seudónimo de Powerpaola, es una artista plástica, historietista e ilustradora ecuatoriana cuya formación artística la realizó en Cali, luego en Medellín, Colombia. Su estilo es primitivista, crudo y directo; en su obra concede mucha importancia a situaciones y personajes, y poca a las proporciones y la composición. Ha publicado, entre otras: La Madremonte; Por dentro / Inside; Diario de Powerpaola; La Silueta; y Virus Tropical, una novela gráfica, autobiográfica. 
546 |a Edición gráfica con texto en español 
649 |a XX 
650 |a Escritores Ecuatorianos -  |x Memorias 
650 |a Memorias Ecuatorianas 
650 |a Historietas y Caricaturas Ecuatorianas 
650 |a Novela Gráfica -  |z Ecuador 
650 |a Novela Ecuatoriana 
650 |a Literatura Ecuatoriana -  |y Siglo XXI 
650 |a Literatura Autobiográfica -  |z Ecuador 
650 |a Literatura de Mujeres -  |z Ecuador 
600 |a Powerpaola 
910 |a Fondo General 
920 |a Impresos - Libros 
930 |a Colección General 
940 |a Literatura 
905 |a 101 
901 |a 0500319178  |b IT1  |c LIT  |i C164403  |u 20250521 
901 |a 0500406330  |b IT1  |c LIT  |i C185266  |u 20250521 
901 |a 0500406327  |b IT1  |c LIT  |i C185267  |u 20250521 
902 |a https://opac.biblio.iteso.mx/vufind/Record/000410483